LEADER 01313nam a2200265 4500 001 000000343052 003 CaOOAMICUS 005 20240925091922.0 008 201123s2013 xxk 000 u eng r 020 $a978-0-19-967064-2 040 $aSeMil$bita 041 0 $aeng$aara 245 10$aAims, methods and contexts of Qur'anic exegesis (2nd/8th-9th/15th c.) /$cedited by Karen Bauer. 264 1$aNew York :$bOxford University Press ;$aLondon :$bThe institute of Ismaili studies,$c2013. 300 $aXV, 503 p. ;$c23 cm 504 $aBibliography, p. 455-490 650 4$aCorano - Commentari, studi, critica e Interpretazione.$0(OLS)http://semarc/subject/44722 830 0$aQur'anic studies series / The institute of Ismaili studies ;$v9.$0(OLS)http://semarc/title/431997 850 $aSeMil 852 $aSeMil$W1$xVenegono$y1$m2X III 209$j222524$B234026$CSeMilBibl$Z2$F234026 $81 996 $6020$a978-0-19-967064-2 $9(OLS)http://semarc/number/291683 996 $6245$aAims, methods and contexts of Qur'anic exegesis (2nd/8th-9th/15th c.)$9(OLS)http://semarc/title/432009 996 $6264$aNew York :$bOxford University Press$9(OLS)http://semarc/publisher/31916 996 $6264$aLondon :$bThe institute of Ismaili studies$9(OLS)http://semarc/publisher/59388 LEADER 01167nam a2200241 i 4500 001 000000227424 003 CaOOAMICUS 005 20140224000000.0 008 140224s1729 it u000 u lat u 013 $a206326 026 $a6032 o.od t.t; Opfu (3) 1729 (R) 040 $aSeMil$bita 245 10$aPars 4. 300 $a[4], 709, [3] p. 500 $aSegn. : pigreco2 A-2X8 2Y4(2Y4 bianca). - Fondo Bidoglio. 500 $aMarca editoriale: Fenice tra le fiamme volge lo sguardo verso il sole. Motto: Post fata resurgo (Repertorio consultato: Marques d'impressors, Univ. di Barcellona). 700 1 $aHeylbrouck, Michael,$c.$0(OLS)http://semarc/name/6851 773 0 $aCicero, Marcus Tullius <106-43 a.C.>$tM.T. Ciceronis Orationum pars 1. [-4.] cum argumentis, animadversionibus, & analysi M. Antonii Ferratii ad usum Seminarii Patavini.$dPatavii : Ex Typographia Seminarii, Apud Joannem Manfrč, 1729.$g4$w()29429 850 $aSeMil 852 $aSeMil$W1$xVenegono$y1$m1X I 4 FA$j177770$B177770$CSeMilBibl$Z2$F188612 $8I 941 1 $a2 961 $aLascito: Bidoglio don Maurizio 996 $6245$aPars 4$9(OLS)http://semarc/title/286200